[Event "North American Open"]
[Site "Las Vegas"]
[Date "2011.12.26"]
[Round "1"]
[White "Shetty, Atulya"]
[Black "Friedel, Joshua"]
[Result "0-1"]
[WhiteElo "2296"]
[BlackElo "2584"]
[PlyCount "108"]
[EventDate "2011.12.??"]
[EventType "swiss"]
[EventRounds "7"]
[EventCountry "USA"]
[Source "MonRoi"]

1. c4 Nf6 2. g3 c6 3. Nf3 d5 4. Bg2 Bg4 5. cxd5 cxd5 6. Qb3 Qc8 7. O-O Nc6 8.
d3 e6 9. Bf4 Be7 10. Rc1 Bxf3 11. Bxf3 O-O 12. e3 h6 13. g4 e5 14. Bg3 e4 15.
dxe4 dxe4 16. Bg2 Rd8 17. Nc3 Qxg4 18. Qxb7 Rac8 19. Nb5 a6 20. h3 Qf5 21. Rxc6
Qxb5 22. Qxc8 Rxc8 23. Rxc8+ Kh7 24. Rc2 Qd5 25. b3 Bd6 26. Bxd6 Qxd6 27. Rac1
a5 28. Rc5 Qd2 29. R5c2 Qd6 30. Rc5 Qd2 31. R1c2 Qd1+ 32. Bf1 Nd7 33. Rc1 Qd6
34. Rc6 Qd5 35. Bg2 f5 36. R6c4 Ne5 37. Rd4 Qf7 38. Kh1 Ng6 39. Rdc4 Nh4 40.
Rc7 Qg6 41. Rg1 Qd6 42. Rb7 Kh8 43. Rc1 Qd2 44. Rc8+ Kh7 45. Rcc7 Kg6 46. Rxg7+
Kh5 47. Bxe4 Qxf2 48. Bg2 Qxe3 49. Rbf7 Qe1+ 50. Kh2 Qe5+ 51. Kh1 Qa1+ 52. Kh2
Qxa2 53. Rg3 a4 54. Ra7 Qd2 0-1

[Event "North American Open"]
[Site "Las Vegas"]
[Date "2011.12.26"]
[Round "1"]
[White "Arnold, Marc"]
[Black "Kelley, Dereque"]
[Result "1/2-1/2"]
[WhiteElo "2566"]
[BlackElo "2273"]
[PlyCount "82"]
[EventDate "2011.12.??"]
[EventType "swiss"]
[EventRounds "7"]
[EventCountry "USA"]
[Source "MonRoi"]

1. d4 Nf6 2. c4 e6 3. Nc3 Bb4 4. Nf3 c5 5. g3 cxd4 6. Nxd4 Ne4 7. Qc2 Qa5 8.
Ndb5 a6 9. Qxe4 axb5 10. Bd2 bxc4 11. Qxc4 Nc6 12. a3 d5 13. Qa2 Qb6 14. Bg2 d4
15. Nb1 Be7 16. O-O O-O 17. e3 e5 18. Bd5 Bh3 19. Rc1 Bc5 20. Qb3 dxe3 21. Bxe3
Qxb3 22. Bxb3 Bxe3 23. fxe3 Rad8 24. Nc3 Rd2 25. Rc2 Rfd8 26. Rac1 Bf5 27. e4
Rxc2 28. Rxc2 Nd4 29. Bxf7+ Kxf7 30. Rf2 g6 31. g4 Ke6 32. gxf5+ gxf5 33. exf5+
Nxf5 34. Ne4 b6 35. Ng5+ Kf6 36. Nf3 Ke6 37. Ng5+ Kf6 38. Nf3 Ke6 39. Re2 Rd5
40. Ng5+ Kf6 41. Ne4+ Ke6 1/2-1/2

[Event "North American Open"]
[Site "Las Vegas"]
[Date "2011.12.26"]
[Round "1"]
[White "Veech, John"]
[Black "Hunt, Adam"]
[Result "0-1"]
[WhiteElo "2202"]
[BlackElo "2558"]
[PlyCount "96"]
[EventDate "2011.12.??"]
[EventType "swiss"]
[EventRounds "7"]
[EventCountry "USA"]
[Source "MonRoi"]

1. d4 Nf6 2. c4 g6 3. g3 Bg7 4. Bg2 O-O 5. Nc3 d6 6. Nf3 Nc6 7. O-O a6 8. h3
Rb8 9. e4 e5 10. Be3 exd4 11. Nxd4 Bd7 12. Rc1 Re8 13. Re1 Ne5 14. b3 Qc8 15.
Kh2 h5 16. f4 Nc6 17. Nxc6 bxc6 18. c5 Rd8 19. Qe2 d5 20. e5 Nh7 21. Bf1 a5 22.
Bd2 Nf8 23. Nd1 Ra8 24. Qg2 Ne6 25. Nf2 Bf8 26. Nd3 Ng7 27. Be2 Bf5 28. Nf2 Qd7
29. g4 hxg4 30. hxg4 Be6 31. Rh1 Qe7 32. g5 Nf5 33. Ng4 Bg7 34. Nf6+ Kf8 35.
Kg1 d4 36. Rh7 Bd5 37. Qh3 Qe6 38. Bg4 Bxf6 39. gxf6 Ke8 40. Bxf5 Qxf5 41. Rh8+
Kd7 42. Rxd8+ Rxd8 43. Qxf5+ gxf5 44. Kf2 Rh8 45. Ke2 Rh2+ 46. Kd1 Bf3+ 47. Ke1
Re2+ 48. Kd1 Rxe5+ 0-1

[Event "North American Open"]
[Site "Las Vegas"]
[Date "2011.12.26"]
[Round "1"]
[White "Molner, Mackenzie"]
[Black "Liu, Daniel"]
[Result "1-0"]
[WhiteElo "2499"]
[BlackElo "2136"]
[PlyCount "55"]
[EventDate "2011.12.??"]
[EventType "swiss"]
[EventRounds "7"]
[EventCountry "USA"]
[Source "MonRoi"]

1. e4 c5 2. Nf3 Nc6 3. d4 cxd4 4. Nxd4 g6 5. Nc3 Bg7 6. Be3 Nf6 7. Bc4 Qa5 8.
O-O O-O 9. Nb3 Qc7 10. Bg5 a6 11. Re1 b5 12. Bf1 h6 13. Bh4 g5 14. Bg3 d6 15.
a4 b4 16. Nd5 Nxd5 17. exd5 Ne5 18. Qd2 a5 19. f4 gxf4 20. Bxf4 Ng6 21. Bxh6
Bxh6 22. Qxh6 Qxc2 23. Re3 Qxb2 24. Rg3 Qg7 25. Qd2 e5 26. h4 Qh8 27. Qg5 Kh7
28. Bd3 1-0

[Event "North American Open"]
[Site "Las Vegas"]
[Date "2011.12.26"]
[Round "1"]
[White "Helfst, Matt"]
[Black "Rodriguez, Eric"]
[Result "0-1"]
[WhiteElo "2006"]
[BlackElo "2382"]
[PlyCount "100"]
[EventDate "2011.12.??"]
[EventType "swiss"]
[EventRounds "7"]
[EventCountry "USA"]
[Source "MonRoi"]

1. Nf3 c5 2. c4 Nc6 3. d4 cxd4 4. Nxd4 g6 5. e4 Bg7 6. Be3 Nf6 7. Nc3 O-O 8.
Be2 d6 9. O-O Bd7 10. Qd2 Nxd4 11. Bxd4 Bc6 12. f3 a5 13. b3 Nd7 14. Be3 Nc5
15. Rac1 b6 16. Rfd1 Qb8 17. Bd3 Rd8 18. Qf2 Rd7 19. Bf1 Qf8 20. Qh4 e6 21. Rc2
Rad8 22. Bg5 f6 23. Be3 h6 24. Ne2 Kh7 25. Rcd2 Bb7 26. Qf2 Qf7 27. Nf4 Bf8 28.
g3 Bc6 29. Bh3 Re8 30. Ne2 Rb7 31. Nd4 Bd7 32. Bf1 Rc8 33. Rb2 a4 34. b4 a3 35.
Rbb1 Na4 36. Rdc1 Nb2 37. Nc2 Nxc4 38. Bxc4 Rxc4 39. Nxa3 Rxc1+ 40. Rxc1 b5 41.
Qd2 f5 42. Kg2 g5 43. Rc2 g4 44. Qe2 e5 45. Qf2 Be6 46. Nb1 gxf3+ 47. Qxf3 fxe4
48. Qxf7+ Bxf7 49. Rc6 Bxa2 50. Nc3 Bc4 0-1

[Event "North American Open"]
[Site "Las Vegas"]
[Date "2011.12.26"]
[Round "1"]
[White "Nazarinia, Shahram"]
[Black "Dean, Jim"]
[Result "0-1"]
[WhiteElo "1834"]
[BlackElo "2341"]
[PlyCount "148"]
[EventDate "2011.12.??"]
[EventType "swiss"]
[EventRounds "7"]
[EventCountry "USA"]
[Source "MonRoi"]

1. e4 c6 2. d4 d5 3. Nc3 dxe4 4. Nxe4 Nf6 5. Ng3 h5 6. h4 Bg4 7. Be2 Qc7 8. Nf3
Nbd7 9. c4 e6 10. Qc2 Bd6 11. Nf1 c5 12. Ne3 Bxf3 13. dxc5 Be4 14. cxd6 Qxd6
15. Qd2 Qe5 16. O-O O-O 17. f4 Qc7 18. b4 a5 19. Ba3 Rfd8 20. Qc3 axb4 21. Bxb4
Nc5 22. Qe5 Rdc8 23. Qxc7 Rxc7 24. Rfd1 Kh7 25. a3 Kg6 26. Rd6 Ra6 27. Bxc5
Rxc5 28. Rxa6 bxa6 29. Kf2 Bc6 30. Bd3+ Be4 31. Be2 Nd7 32. Rd1 Rc7 33. g4 hxg4
34. Nxg4 f6 35. Rd6 Nc5 36. Ke3 Kf7 37. Nf2 Bf5 38. Bf3 Ke7 39. Rb6 Nd7 40.
Rxa6 Rxc4 41. Nd1 e5 42. fxe5 Nxe5 43. Ra7+ Bd7 44. Be4 Kd6 45. Nb2 Rc3+ 46.
Nd3 Rxa3 47. Rxa3 Nc4+ 48. Kf4 Nxa3 49. Bf5 Be8 50. Nf2 Nc4 51. Ne4+ Ke7 52.
Nc5 Bf7 53. Nd3 Nb6 54. Kg4 Nd5 55. Kf3 Kd6 56. Nf2 Ke5 57. Be4 Bh5+ 58. Kg3 f5
59. Bxd5 f4+ 60. Kg2 Kxd5 61. Nh3 Ke4 62. Kf2 Kf5 63. Ng5 Bd1 64. Ke1 Bb3 65.
Kf2 Bd5 66. Kg1 Kg4 67. Kh2 Kxh4 68. Nh3 g5 69. Nf2 g4 70. Nd3 g3+ 71. Kg1 f3
72. Ne5 f2+ 73. Kf1 Kh3 74. Ke2 Kg2 0-1

[Event "North American Open"]
[Site "Las Vegas"]
[Date "2011.12.27"]
[Round "2"]
[White "Kavutskiy, Konstantin"]
[Black "Shabalov, Alexander"]
[Result "1/2-1/2"]
[WhiteElo "2366"]
[BlackElo "2600"]
[PlyCount "112"]
[EventDate "2011.12.??"]
[EventType "swiss"]
[EventRounds "7"]
[EventCountry "USA"]
[Source "MonRoi"]

1. d4 Nf6 2. Nf3 d5 3. c4 c6 4. Nc3 a6 5. e3 g6 6. Be2 Bg7 7. O-O O-O 8. a4 b6
9. Qb3 e6 10. Bd2 Nbd7 11. cxd5 exd5 12. Rfc1 a5 13. Qc2 Bb7 14. Rab1 Qe7 15.
b3 Rfc8 16. Qb2 c5 17. Bb5 Nf8 18. Ne2 Ne6 19. Rd1 Ne4 20. Qa3 Rc7 21. Be1 h6
22. Rbc1 Kh7 23. Ng3 f5 24. Ne2 g5 25. Ne5 g4 26. Nf4 Bxe5 27. dxe5 Rd8 28. Qb2
Qf7 29. Bd3 Rcd7 30. Qe2 N4g5 31. Qxg4 Rf8 32. h4 Nxf4 33. exf4 Ne6 34. h5 Kh8
35. Qh4 Qg8 36. Be2 d4 37. f3 Bd5 38. Bc4 Bxf3 39. Rd2 Bd5 40. Qh2 Qg4 41. Bg3
Bxc4 42. bxc4 d3 43. Rb1 Rb8 44. Rb3 Rd4 45. Rbxd3 Rxc4 46. Rd6 Re8 47. Qh4
Qxh4 48. Bxh4 Rxf4 49. Bf6+ Kg8 50. Rxb6 Rxa4 51. Rdd6 Nf4 52. Rd7 Nxh5 53.
Rbb7 Rg4 54. Rh7 Nxf6 55. exf6 Rf8 56. Rxh6 a4 1/2-1/2

[Event "North American Open"]
[Site "Las Vegas"]
[Date "2011.12.27"]
[Round "2"]
[White "Friedel, Joshua"]
[Black "Troff, Kayden"]
[Result "1-0"]
[WhiteElo "2584"]
[BlackElo "2359"]
[PlyCount "149"]
[EventDate "2011.12.??"]
[EventType "swiss"]
[EventRounds "7"]
[EventCountry "USA"]
[Source "MonRoi"]

1. e4 c5 2. Nf3 d6 3. d4 cxd4 4. Nxd4 Nf6 5. Nc3 a6 6. Be2 e6 7. O-O Be7 8. f4
O-O 9. a4 Nc6 10. Be3 Qc7 11. Kh1 Re8 12. Bf3 Bd7 13. Nb3 b6 14. g4 Bc8 15. g5
Nd7 16. Bg2 Bb7 17. Rf3 g6 18. Rh3 Bf8 19. Qd2 Nb4 20. Rf1 Bg7 21. Bd4 e5 22.
fxe5 Bxe5 23. Qf2 Re7 24. Bxe5 dxe5 25. Nd5 Nxd5 26. exd5 e4 27. Qd4 Qe5 28. c4
Rc8 29. Rc3 Qxd4 30. Nxd4 Ne5 31. Bxe4 Nxc4 32. Bf3 Nd2 33. Rxc8+ Bxc8 34. Rc1
Bh3 35. d6 Rd7 36. Rc6 b5 37. a5 Nc4 38. Rxa6 Nxd6 39. Kg1 Nc4 40. Nxb5 Rd2 41.
Ra8+ Kg7 42. Nc7 Bd7 43. a6 Ne5 44. Bd5 Rxb2 45. Rd8 Rb1+ 46. Kf2 Ra1 47. Ke3
Ra4 48. Kd2 h6 49. h4 hxg5 50. hxg5 Ra5 51. Kc3 Rc5+ 52. Kd4 Rxc7 53. Kxe5 Bc8
54. Kd6 Ra7 55. Rxc8 Rxa6+ 56. Ke5 Ra1 57. Rc3 Rg1 58. Kf4 Rf1+ 59. Bf3 Re1 60.
Rc7 Rb1 61. Be2 Rb2 62. Bd3 Rg2 63. Rd7 Rh2 64. Ra7 Rg2 65. Rc7 Rd2 66. Bc4
Rf2+ 67. Ke4 Rf5 68. Rxf7+ Rxf7 69. Bxf7 Kxf7 70. Kd5 Kg7 71. Ke6 Kh8 72. Kf6
Kh7 73. Kf7 Kh8 74. Kxg6 Kg8 75. Kh6 1-0

[Event "North American Open"]
[Site "Las Vegas"]
[Date "2011.12.27"]
[Round "2"]
[White "Hunt, Adam"]
[Black "Pearson, Michael"]
[Result "1-0"]
[WhiteElo "2558"]
[BlackElo "2344"]
[PlyCount "51"]
[EventDate "2011.12.??"]
[EventType "swiss"]
[EventRounds "7"]
[EventCountry "USA"]
[Source "MonRoi"]

1. e4 c5 2. Nf3 Nc6 3. Nc3 d6 4. d4 cxd4 5. Nxd4 Nf6 6. Bg5 e6 7. Qd2 Be7 8.
O-O-O a6 9. f4 Nxd4 10. Qxd4 b5 11. Bxf6 gxf6 12. Kb1 Rb8 13. f5 Qa5 14. Qe3 b4
15. Ne2 Qe5 16. Nd4 Bd7 17. Nf3 Qc5 18. Qh6 a5 19. Bd3 a4 20. fxe6 fxe6 21. e5
dxe5 22. Rhe1 a3 23. Re4 axb2 24. Bc4 Bc6 25. Qh5+ Kf8 26. Bxe6 1-0

[Event "North American Open"]
[Site "Las Vegas"]
[Date "2011.12.27"]
[Round "2"]
[White "Liou, Yian"]
[Black "Kekelidze, Mikheil"]
[Result "1/2-1/2"]
[WhiteElo "2354"]
[BlackElo "2545"]
[PlyCount "82"]
[EventDate "2011.12.??"]
[EventType "swiss"]
[EventRounds "7"]
[EventCountry "USA"]
[Source "MonRoi"]

1. e4 c5 2. Nf3 e6 3. d4 cxd4 4. Nxd4 a6 5. Nc3 Qc7 6. Bd3 Nf6 7. O-O Nc6 8.
Nxc6 bxc6 9. b3 d5 10. Bb2 Be7 11. Qe2 Bb7 12. Rae1 a5 13. f4 Ba6 14. Kh1 Bxd3
15. cxd3 O-O 16. f5 d4 17. Na4 e5 18. Rc1 Nd7 19. Rc4 Nb6 20. Nxb6 Qxb6 21. Qc2
Rfc8 22. Ra4 Qb5 23. Bc1 Ra6 24. Bd2 Rca8 25. Rc4 a4 26. b4 a3 27. Rc1 Rc8 28.
h3 h6 29. Kg1 Rb8 30. Kf1 Qb7 31. f6 Bxf6 32. Rxc6 Bg5 33. Bxg5 hxg5 34. Rc8+
Kh7 35. Rxb8 Qxb8 36. Qd2 Rg6 37. Kg1 g4 38. hxg4 Rxg4 39. Qe2 Rg5 40. Rb1 Qb5
41. Rb3 Qc6 1/2-1/2

[Event "North American Open"]
[Site "Las Vegas"]
[Date "2011.12.27"]
[Round "2"]
[White "Yankovsky, Roman"]
[Black "Chua, Alexander"]
[Result "1-0"]
[WhiteElo "2500"]
[BlackElo "2339"]
[PlyCount "65"]
[EventDate "2011.12.??"]
[EventType "swiss"]
[EventRounds "7"]
[EventCountry "USA"]
[Source "MonRoi"]

1. e4 c6 2. c4 d5 3. cxd5 cxd5 4. exd5 Nf6 5. Qa4+ Nbd7 6. Nc3 g6 7. Nf3 Bg7 8.
Bc4 a6 9. d3 Rb8 10. Bb3 b5 11. Qf4 O-O 12. Nd4 Bb7 13. Nc6 Bxc6 14. dxc6 e5
15. Qb4 Nb6 16. Be3 Qc7 17. Rc1 Rfd8 18. Ne4 Nfd5 19. Qa5 Nf4 20. O-O Ne2+ 21.
Kh1 Nxc1 22. Rxc1 Nd5 23. Qxc7 Nxc7 24. Ng5 Rf8 25. Bc5 Bh6 26. f4 exf4 27.
Bxf8 Rxf8 28. h4 Bxg5 29. hxg5 Rd8 30. Re1 Kf8 31. Re4 Ne6 32. Rxe6 fxe6 33.
Bxe6 1-0

[Event "North American Open"]
[Site "Las Vegas"]
[Date "2011.12.27"]
[Round "2"]
[White "Dean, Jim"]
[Black "Molner, Mackenzie"]
[Result "1/2-1/2"]
[WhiteElo "2341"]
[BlackElo "2499"]
[PlyCount "48"]
[EventDate "2011.12.??"]
[EventType "swiss"]
[EventRounds "7"]
[EventCountry "USA"]
[Source "MonRoi"]

1. d4 Nf6 2. c4 e6 3. Nc3 Bb4 4. e3 b6 5. a3 Bxc3+ 6. bxc3 Ba6 7. Bd3 d5 8.
cxd5 Bxd3 9. Qxd3 exd5 10. Ne2 O-O 11. O-O c5 12. dxc5 bxc5 13. c4 Nc6 14. Bb2
dxc4 15. Qxc4 Na5 16. Qh4 Rb8 17. Rad1 Nd5 18. Qh5 Rxb2 19. Rxd5 g6 20. Qf3 Qe7
21. Rfd1 Rb7 22. Nc3 Nb3 23. Qf4 Kg7 24. Rd6 Re8 1/2-1/2

[Event "North American Open"]
[Site "Las Vegas"]
[Date "2011.12.27"]
[Round "2"]
[White "Kleiman, Jake"]
[Black "Yanayt, Eugene"]
[Result "1/2-1/2"]
[WhiteElo "2450"]
[BlackElo "2330"]
[PlyCount "107"]
[EventDate "2011.12.??"]
[EventType "swiss"]
[EventRounds "7"]
[EventCountry "USA"]
[Source "MonRoi"]

1. e4 c5 2. c3 e6 3. d4 d5 4. exd5 exd5 5. Nf3 Nc6 6. Bb5 Bd6 7. dxc5 Bxc5 8.
O-O Nge7 9. Nbd2 Bg4 10. Qa4 Qc8 11. Ne5 Bf5 12. Nb3 Bd6 13. Bf4 Qc7 14. Nd4
Bd7 15. Bxc6 bxc6 16. Rfe1 O-O 17. Nxd7 Qxd7 18. Be5 Rfe8 19. Rad1 Qc7 20. Bxd6
Qxd6 21. Nb3 Ng6 22. Rxe8+ Rxe8 23. Nd4 Ne5 24. h3 Qc7 25. f4 Nc4 26. Qxc6 Qe7
27. Nf5 Qe2 28. Qxd5 Ne3 29. Nxe3 Qxe3+ 30. Kh1 Qxf4 31. Qd4 Qb8 32. b4 h6 33.
a3 a6 34. c4 Qg3 35. Qb2 f5 36. Rf1 Re4 37. c5 f4 38. Qc2 Re1 39. Kg1 g5 40.
Qg6+ Kf8 41. Qd6+ Kg7 42. Qd7+ Kf6 43. Qc6+ Kf7 44. Qb7+ Kf8 45. Qa8+ Kf7 46.
Qd5+ Kf6 47. Qd4+ Kg6 48. c6 Re2 49. Qd5 Qe3+ 50. Kh1 Re1 51. Qc4 f3 52. Qg8+
Kf6 53. Qf8+ Kg6 54. Qd6+ 1/2-1/2

[Event "North American Open"]
[Site "Las Vegas"]
[Date "2011.12.27"]
[Round "2"]
[White "Rodriguez, Eric"]
[Black "Kojima, Shinya"]
[Result "1-0"]
[WhiteElo "2382"]
[BlackElo "2330"]
[PlyCount "63"]
[EventDate "2011.12.??"]
[EventType "swiss"]
[EventRounds "7"]
[EventCountry "USA"]
[Source "MonRoi"]

1. e4 c6 2. d4 d5 3. e5 c5 4. dxc5 Nc6 5. Bb5 e6 6. Qg4 h5 7. Bxc6+ bxc6 8. Qa4
Qc7 9. Be3 Nh6 10. Nd2 Nf5 11. Nb3 Nxe3 12. fxe3 Bd7 13. Nf3 g5 14. O-O Bh6 15.
Qd4 g4 16. Ne1 Bc8 17. Nc1 Ba6 18. Ncd3 O-O-O 19. a4 Qe7 20. b4 Bc4 21. Rf6 Bg5
22. b5 Bxf6 23. exf6 Qb7 24. Ne5 cxb5 25. axb5 Bxb5 26. c6 Qb6 27. Rxa7 Qxd4
28. exd4 Rdf8 29. N1d3 Bxd3 30. cxd3 Kb8 31. Rb7+ Kc8 32. Nd7 1-0

[Event "North American Open"]
[Site "Las Vegas"]
[Date "2011.12.27"]
[Round "2"]
[White "De Guzman, Ricardo"]
[Black "Kelley, Dereque"]
[Result "1-0"]
[WhiteElo "2495"]
[BlackElo "2273"]
[PlyCount "95"]
[EventDate "2011.12.??"]
[EventType "swiss"]
[EventRounds "7"]
[EventCountry "USA"]
[Source "MonRoi"]

1. d4 Nf6 2. Nf3 d5 3. Bg5 e6 4. Nbd2 h6 5. Bh4 c5 6. e3 Nc6 7. c3 Be7 8. Bd3
O-O 9. O-O b6 10. Ne5 Nxe5 11. dxe5 Nd7 12. Bg3 Bh4 13. f4 Bxg3 14. hxg3 f6 15.
Qg4 f5 16. Qg6 Qe8 17. Qxe8 Rxe8 18. Bb5 Re7 19. Rfd1 Bb7 20. Bxd7 Rxd7 21. Nc4
Rad8 22. Nd6 h5 23. Kf2 a6 24. b4 Rxd6 25. exd6 c4 26. b5 a5 27. Rd4 Kf7 28.
Rh1 g6 29. e4 Rxd6 30. Rhd1 Ke7 31. exf5 exf5 32. Re1+ Re6 33. Rxe6+ Kxe6 34.
a4 Kd6 35. Rd2 Bc8 36. Re2 Be6 37. Ke3 Bf7 38. Kd4 Be6 39. Re5 Bf7 40. g4 hxg4
41. g3 Be6 42. Re1 g5 43. fxg5 f4 44. gxf4 Bf5 45. Re5 g3 46. Re3 g2 47. Rg3
Be4 48. g6 1-0

[Event "North American Open"]
[Site "Las Vegas"]
[Date "2011.12.27"]
[Round "2"]
[White "Helfst, Matt"]
[Black "Zenyuk, Iryna"]
[Result "0-1"]
[WhiteElo "2006"]
[BlackElo "2329"]
[PlyCount "90"]
[EventDate "2011.12.??"]
[EventType "swiss"]
[EventRounds "7"]
[EventCountry "USA"]
[Source "MonRoi"]

1. e4 c5 2. Nf3 Nc6 3. Bb5 g6 4. O-O Bg7 5. Re1 Nf6 6. Nc3 O-O 7. d3 Nd4 8.
Nxd4 cxd4 9. Ne2 d5 10. exd5 Nxd5 11. Bc4 Kh8 12. Ng3 e5 13. Bd2 Be6 14. Qc1 f5
15. Bh6 Qf6 16. Bxg7+ Kxg7 17. Bxd5 Bxd5 18. c4 dxc3 19. Qxc3 Rfe8 20. a3 Bc6
21. f3 Rad8 22. a4 h5 23. Ne2 h4 24. h3 Rc8 25. Qa5 a6 26. b4 e4 27. fxe4 fxe4
28. Rf1 Qb2 29. Nf4 Re5 30. Qb6 exd3 31. Rab1 Qc3 32. Rbc1 Qd2 33. a5 Qe3+ 34.
Qxe3 Rxe3 35. Kf2 Ree8 36. Nxd3 Bb5 37. Rfd1 Rxc1 38. Nxc1 Re4 39. Rd2 Rxb4 40.
Nd3 Rd4 41. Ke3 Bxd3 42. Rxd3 Rxd3+ 43. Kxd3 Kf6 44. Ke4 Ke6 45. Kf4 Kd5 0-1

[Event "North American Open"]
[Site "Las Vegas"]
[Date "2011.12.27"]
[Round "2"]
[White "Steger, Eric"]
[Black "Veech, John"]
[Result "0-1"]
[WhiteElo "1926"]
[BlackElo "2202"]
[PlyCount "76"]
[EventDate "2011.12.??"]
[EventType "swiss"]
[EventRounds "7"]
[EventCountry "USA"]
[Source "MonRoi"]

1. e4 c5 2. b3 Nc6 3. Bb2 Nf6 4. e5 Nd5 5. Nf3 e6 6. g3 Be7 7. Bg2 O-O 8. Nc3
Nxc3 9. Bxc3 f6 10. O-O fxe5 11. Nxe5 Nxe5 12. Bxe5 d6 13. Bb2 Bf6 14. d4 Rb8
15. Qd2 b5 16. a4 b4 17. Rab1 Ba6 18. Rfe1 c4 19. c3 bxc3 20. Bxc3 cxb3 21.
Rxe6 Bc4 22. d5 Bxc3 23. Qxc3 Rc8 24. Qd4 Rf7 25. Rbe1 Qf8 26. Bh3 Rfc7 27.
R6e4 Rb8 28. Rf4 Qd8 29. Be6+ Kh8 30. Rh4 Qf6 31. Qe4 g6 32. Rf4 Qg7 33. Rb1 b2
34. Qf3 Ba2 35. Rxb2 Qxb2 36. Rf8+ Kg7 37. Rf7+ Rxf7 38. Qxf7+ Kh8 0-1

[Event "North American Open"]
[Site "Las Vegas"]
[Date "2011.12.27"]
[Round "2"]
[White "Banerjee, Abhimanyu"]
[Black "Pennock, Joshua"]
[Result "1/2-1/2"]
[WhiteElo "1621"]
[BlackElo "1785"]
[PlyCount "43"]
[EventDate "2011.12.??"]
[EventType "swiss"]
[EventRounds "7"]
[EventCountry "USA"]
[Source "MonRoi"]

1. e4 c5 2. Nc3 d6 3. f4 Nc6 4. Nf3 Bg4 5. Bb5 Bd7 6. O-O g6 7. d3 Bg7 8. Qe1
e6 9. a4 Nge7 10. Qh4 Nd4 11. Bxd7+ Qxd7 12. Nxd4 Bxd4+ 13. Kh1 Nc6 14. f5 Nb4
15. Bf4 Nxc2 16. Rac1 Nb4 17. Qg3 e5 18. Bg5 a6 19. Bf6 Rg8 20. Qh3 h5 21. g4
gxf5 22. Rxf5 1/2-1/2

[Event "North American Open"]
[Site "Las Vegas"]
[Date "2011.12.27"]
[Round "3"]
[White "Sokolov, Ivan"]
[Black "Yankovsky, Roman"]
[Result "1-0"]
[WhiteElo "2676"]
[BlackElo "2500"]
[PlyCount "49"]
[EventDate "2011.12.??"]
[EventType "swiss"]
[EventRounds "7"]
[EventCountry "USA"]
[Source "MonRoi"]

1. d4 Nf6 2. c4 c5 3. d5 b5 4. Nf3 e6 5. dxe6 fxe6 6. cxb5 d5 7. g3 Bd6 8. Bg2
a6 9. bxa6 O-O 10. O-O Bxa6 11. Re1 Nc6 12. Nc3 Qc7 13. b3 Rae8 14. a4 Ne5 15.
Qc2 h6 16. Nb5 Bxb5 17. axb5 Nfd7 18. Ra6 Nb8 19. Ra4 Nbd7 20. Bb2 Rb8 21. Ra6
Rfe8 22. Bh3 Kf7 23. Nh4 Nf8 24. f4 Ned7 25. Rc6 1-0

[Event "North American Open"]
[Site "Las Vegas"]
[Date "2011.12.27"]
[Round "3"]
[White "Yanayt, Eugene"]
[Black "Mitkov, Nikola"]
[Result "0-1"]
[WhiteElo "2330"]
[BlackElo "2576"]
[PlyCount "42"]
[EventDate "2011.12.??"]
[EventType "swiss"]
[EventRounds "7"]
[EventCountry "USA"]
[Source "MonRoi"]

1. d4 d5 2. c4 e6 3. Nf3 Nf6 4. g3 Bb4+ 5. Bd2 Be7 6. Bg2 c6 7. Qc2 b6 8. O-O
Ba6 9. b3 O-O 10. Bf4 Nbd7 11. Nc3 dxc4 12. Nd2 cxb3 13. axb3 Bb7 14. Nb5 Nd5
15. Nxa7 Nb4 16. Qc3 Nf6 17. Nc4 Nfd5 18. Qd2 b5 19. Ne5 f6 20. Bxd5 Qxd5 21.
Nd3 Na6 0-1

[Event "North American Open"]
[Site "Las Vegas"]
[Date "2011.12.27"]
[Round "3"]
[White "Shetty, Atulya"]
[Black "Bryant, John"]
[Result "0-1"]
[WhiteElo "2296"]
[BlackElo "2454"]
[PlyCount "64"]
[EventDate "2011.12.??"]
[EventType "swiss"]
[EventRounds "7"]
[EventCountry "USA"]
[Source "MonRoi"]

1. c4 Nf6 2. g3 g6 3. Bg2 d5 4. cxd5 Nxd5 5. Nc3 Nb6 6. Nf3 Bg7 7. O-O O-O 8.
d3 Nc6 9. Be3 h6 10. Rc1 e5 11. b4 Nd4 12. Ne4 a5 13. bxa5 Nd5 14. Bd2 Nc6 15.
Rc5 Nde7 16. Qc1 g5 17. h4 g4 18. Nxe5 Nxe5 19. Bxh6 N7c6 20. Rd5 Qe7 21. d4 f5
22. Bg5 Qf7 23. Nc3 Ng6 24. Nb5 Rxa5 25. a4 Rxa4 26. Rc5 Bxd4 27. Bd5 Be6 28.
Bxe6 Qxe6 29. Nxc7 Qd6 30. Rc4 Qxg3+ 31. Kh1 Qh3+ 32. Kg1 g3 0-1

[Event "North American Open"]
[Site "Las Vegas"]
[Date "2011.12.27"]
[Round "3"]
[White "Troff, Kayden"]
[Black "Shaw, Tenzing"]
[Result "1-0"]
[WhiteElo "2359"]
[BlackElo "2194"]
[PlyCount "87"]
[EventDate "2011.12.??"]
[EventType "swiss"]
[EventRounds "7"]
[EventCountry "USA"]
[Source "MonRoi"]

1. d4 d5 2. c4 dxc4 3. e4 e5 4. Nf3 exd4 5. Bxc4 Nc6 6. O-O Be6 7. Bb5 Bc5 8.
b4 Bb6 9. a4 a6 10. Bxc6+ bxc6 11. a5 Ba7 12. Bb2 Nf6 13. Qd3 O-O 14. Nbd2 Qb8
15. Bxd4 Qxb4 16. Rfb1 Qe7 17. Bxa7 Rxa7 18. Nd4 Qd7 19. Qc3 Raa8 20. Nxc6 Ne8
21. Rd1 Nd6 22. Rac1 Nb5 23. Qe3 Qe8 24. Nf3 Bg4 25. Rd5 Bxf3 26. Qxf3 Qe6 27.
Qf4 Rfe8 28. f3 f6 29. h3 Qf7 30. Kh1 Qf8 31. Nd4 Nxd4 32. Rxd4 c5 33. Rd7 Re7
34. Qd6 Rxd7 35. Qxd7 Rc8 36. Qe6+ Kh8 37. Qxa6 Qd8 38. Qe6 h6 39. a6 Qc7 40.
Rb1 Ra8 41. Rb7 Qf4 42. a7 Kh7 43. Qd7 Qc1+ 44. Kh2 1-0

[Event "North American Open"]
[Site "Las Vegas"]
[Date "2011.12.27"]
[Round "3"]
[White "Veech, John"]
[Black "Zuniga, Dante"]
[Result "1/2-1/2"]
[WhiteElo "2202"]
[BlackElo "2354"]
[PlyCount "85"]
[EventDate "2011.12.??"]
[EventType "swiss"]
[EventRounds "7"]
[EventCountry "USA"]
[Source "MonRoi"]

1. d4 Nf6 2. c4 e6 3. g3 c5 4. d5 exd5 5. cxd5 d6 6. Nc3 g6 7. Bg2 Bg7 8. Nf3
O-O 9. O-O Re8 10. Nd2 a6 11. a4 Nbd7 12. h3 Rb8 13. Nc4 Ne5 14. Na3 Nh5 15. e4
b5 16. axb5 axb5 17. Naxb5 c4 18. Kh2 Nd3 19. Qa4 Bd7 20. Qxc4 Nxc1 21. Nxd6
Nb3 22. Nxe8 Nd2 23. Qc7 Nxf1+ 24. Bxf1 Qxe8 25. Ra7 Rxb2 26. Nd1 Rd2 27. Qxd7
Qxd7 28. Rxd7 Bd4 29. d6 Rxd1 30. Bc4 Bxf2 31. g4 Bg1+ 32. Kg2 Nf4+ 33. Kf3 Ne6
34. Bxe6 fxe6 35. e5 Bh2 36. Rd8+ Kg7 37. Rd7+ Kh6 38. h4 Rd3+ 39. Ke4 Rd5 40.
g5+ Kh5 41. Kf3 Rd3+ 42. Ke4 Rd5 43. Kf3 1/2-1/2

[Event "North American Open"]
[Site "Las Vegas"]
[Date "2011.12.27"]
[Round "3"]
[White "Shabalov, Alexander"]
[Black "De Guzman, Ricardo"]
[Result "1-0"]
[WhiteElo "2600"]
[BlackElo "2495"]
[PlyCount "109"]
[EventDate "2011.12.??"]
[EventType "swiss"]
[EventRounds "7"]
[EventCountry "USA"]
[Source "MonRoi"]

1. c4 Nf6 2. Nc3 e6 3. e4 d5 4. e5 d4 5. exf6 dxc3 6. bxc3 gxf6 7. d4 Nd7 8.
Nf3 c6 9. Bd3 Qa5 10. O-O Qh5 11. Bf4 Be7 12. a4 Nf8 13. Re1 Ng6 14. Bg3 O-O
15. a5 Rd8 16. Qb1 Bd6 17. c5 Bxg3 18. hxg3 Rb8 19. Nd2 e5 20. Ne4 Kg7 21. Nd6
Be6 22. Ra4 b5 23. axb6 axb6 24. Rb4 b5 25. dxe5 fxe5 26. c4 e4 27. Nxe4 Qe5
28. cxb5 cxb5 29. Bf1 Bf5 30. Qc1 Bxe4 31. Rexe4 Qf6 32. Rxb5 Rbc8 33. Re3 Rc6
34. Rf3 Qe5 35. Rb7 Rf8 36. Qc4 Qe6 37. Qd4+ Kh6 38. g4 Qe5 39. Qd2+ Kg7 40.
Rf5 Qa1 41. g5 Re6 42. Qd5 Qe1 43. Rb6 Re4 44. Rbf6 Ne5 45. Rf4 Re2 46. Rd4 Ng6
47. Rd1 Re5 48. Qb3 Qe4 49. Rd7 Ne7 50. Rf3 Qg4 51. Qc3 Qxd7 52. Qxe5+ Kg8 53.
Bd3 Ng6 54. Bxg6 hxg6 55. Rh3 1-0